Memoria sobre la cuestión de límites entre Guatemala y México presentada al señor ministro de relaciones exteriores por el jefe de la comisión guatemalteca: 1900

Gespeichert in:
Bibliographische Detailangaben
Format: Buch
Sprache:Spanisch
Veröffentlicht: Ciudad de Guatemala José de Pineda Ibarra 1964
Schlagworte:
Tags: Tag hinzufügen
Keine Tags, Fügen Sie den ersten Tag hinzu!

MARC

LEADER 00000nam a2200000 a 4500
001 UCO1019
003 CL-VaPUC
008 000505e19640000gt |||||||||||||||||spa|d
082 0 4 |a 341.42  |b MEM  |2 21 
245 1 0 |a Memoria sobre la cuestión de límites entre Guatemala y México presentada al señor ministro de relaciones exteriores por el jefe de la comisión guatemalteca: 1900 
300 |a 351 p 
942 |c BK 
945 |d 20000505 00:00:00  |a crobeson 
260 |a Ciudad de Guatemala  |b José de Pineda Ibarra  |c 1964 
650 0 |a Problemas limítrofes  |9 266724 
650 7 |a DERECHOS TERRITORIALES  |2 CL-VaPUC  |9 266725 
650 0 |a Límites   |9 255439 
651 0 |a Guatemala  |9 258335 
651 0 |a México  |9 255269 
583 |a last modification  |c 20171116 02:35:02  |k Rodrigo Vera 
999 |c 287654  |d 287652 
952 |0 0  |1 0  |4 0  |6 341_420000000000000_MEM_1964  |7 0  |8 A  |9 334599  |a BIBHIS  |b BIBHIS  |d 2019-11-20  |i 1272799  |o 341.42 MEM 1964  |p 1272799  |r 2025-01-20  |w 2019-11-20  |y BK  |k HIS